000 01511nam2a2200265 4500
001 rc\2992889
005 20260315071234.0
035 _a(NLR Aleph) 007207620
090 _a13630200
_c13630200
100 _a20100430d1964 u y0rusy50 ca
101 0 _arus
102 _aRU
105 _aa z |||||
200 0 _aТ. 23
_f[Сост. канд. с.-х наук В.Е. Недава, В.И. Бречко, зоотехник П.А. Славинский]
_gМ-во сел. хозяйства УССР
210 _aКиев
_cГоссельхозиздат УССР
_d1964
215 _a238 с.
_cил.
_d27 см
461 0 _1001rc\2992866
_12001#$aГосударственная племенная книга крупного рогатого скота симментальской породы$fМ-во сельского хозяйства СССР. Гос. инспекция по плем. делу$vТ. 23
_97658856
_c[Пенза]
_d1949-1991
_fМ-во сельского хозяйства СССР. Гос. инспекция по плем. делу
_nизд-во и тип. Пенз. обл. изд.
_tГосударственная племенная книга крупного рогатого скота симментальской породы
_vТ. 23
702 1 _aНедава
_bВ.Е.
_4220
702 1 _aБречко
_bВ.И.
_4220
702 1 _aСлавинский
_bП.А.
_4220
801 0 _aRU
_bNLR
_gpsbo
801 1 _aRU
_bELAR
_2rusmarc
852 _aNLR
_bС
_j90 Г-7/40
942 _cUNSPEC
980 _aNB